Catálogo
 En Linea

Símbolo, status y personalidad / (Registro nro. 11587)

Detalles MARC
000 -CABECERA
campo de control de longitud fija 00743nam a2200217 a 4500
001 - NÚMERO DE CONTROL
campo de control 000011917
005 - FECHA Y HORA DE LA ÚLTIMA TRANSACCIÓN
campo de control 20200929162622.0
008 - DATOS DE LONGITUD FIJA--INFORMACIÓN GENERAL
campo de control de longitud fija 091029s1969 sp 001 0 spa d
040 ## - FUENTE DE LA CATALOGACIÓN
Centro catalogador/agencia de origen DO-SdBNP
Lengua de catalogación spa
Centro/agencia transcriptor BNPHU
082 ## - NÚMERO DE LA CLASIFICACIÓN DECIMAL DEWEY
Número de clasificación xxxxx
Número de documento/Ítem H413s
049 ## - FONDOS LOCALES (OCLC)
Fondos de biblioteca BNGR
100 1# - ENTRADA PRINCIPAL--NOMBRE DE PERSONA
Nombre de persona Hayakawa, S. I.
9 (RLIN) 28194
240 10 - TÍTULO UNIFORME
Título uniforme Symbol, status and personality
Lenguaje de la obra español
245 10 - MENCIÓN DE TÍTULO
Título Símbolo, status y personalidad /
Mención de responsabilidad, etc. S. I. Hayakawa ; traductor, Alicia Mullor.
260 ## - PUBLICACIÓN, DISTRIBUCIÓN, ETC.
Lugar de publicación, distribución, etc. Barcelona :
Nombre del editor, distribuidor, etc. Sagitario,
Fecha de publicación, distribución, etc. 1969.
300 ## - DESCRIPCIÓN FÍSICA
Extensión 212 p. ;
Dimensiones 22 cm.
490 1# - MENCIÓN DE SERIE
Mención de serie Psico-Social
Designación de volumen o secuencia 5
534 ## - NOTA SOBRE LA VERSIÓN ORIGINAL
Frase introductoria Título original en inglés:
Mención de título del original Symbol, status and personality
Publicación, distribución, etc. del original Western Reserve University, 1960.
700 1# - PUNTO DE ACCESO ADICIONAL--NOMBRE DE PERSONA
Nombre de persona Mullor, Alicia,
Término indicativo de función/relación tr.
9 (RLIN) 28195
830 #0 - PUNTO DE ACCESO ADICIONAL DE SERIE-TÍTULO UNIFORME
Título uniforme Psico-Social
Designación de volumen o secuencia 5
9 (RLIN) 28196
Existencias
Estado de retiro Estado de pérdida Restricciones de uso No para préstamo Código de colección Localización permanente Ubicación/localización actual Ubicación en estantería Fecha de adquisición Número de inventario Total de préstamos Signatura topográfica completa Código de barras Fecha visto por última vez Precio válido a partir de Tipo de ítem Koha
    Préstamo interno   Monografías: Libros y Folletos General General En catalogación 29.10.2009 LF1   xxxxx H413s 11917-10 25.06.2020 25.06.2020 Préstamo interno

Con tecnología Koha